Úroveň osvojenia vybraných botanických pojmov žiakmi

Bibliographic Details
Main Authors: Ušáková, Katarína, 1957- (Author), Boháčová, Renáta (Author)
Format: Article
Language:Slovak
Subjects:

MARC

LEADER 00000nab a2200000 a 4500
001 vtls001497615
003 SK-MaSNL
005 20260304144728.0
008 250505s1995 xo 000 0 slo
035 |a SPKCL443 
035 |a urn:nbn:sk:snk-ab77mu 
035 |a (uuid)e117759e-54f2-4ca2-acff-aa12c0147c3f 
035 |a (urnnbn)urn:nbn:sk:snk:ar-a073ui 
035 |a (sysno)vtls001497615 
040 |a SNKBUCL  |b slo  |c SNKBUCL  |e AACR2 
041 0 |a slo 
044 |a xo  |c SK 
080 |a 372.857  |2 1981 
080 |a 37  |2 1981 
100 1 |a Ušáková, Katarína,  |d 1957-  |4 aut  |9 9881 
245 1 0 |a Úroveň osvojenia vybraných botanických pojmov žiakmi  |c Katarína Ušáková; Renáta Boháčová 
650 0 7 |a biológia  |2 snkbucl  |9 689 
650 0 7 |a botanika  |2 snkbucl  |9 688 
700 1 |a Boháčová, Renáta  |4 aut  |9 1211807 
773 0 |t Pedagogické spektrum  |g Roč. 4, č. 11/12 (1995) s. 78-85 
850 |a Slovenská národná knižnica 
852 |a Slovenská národná knižnica 
954 |a odborná, vedecká literatúra pôvodná (slovenská)  |2 lita 
958 |a article27 
958 |a OND 
958 |a EUIPO 
999 |c 2932939  |d 2934869